000 00439nam a2200169Ia 4500
003 GCL
008 140319s9999 xx 000 0 ara d
040 _aGCL /
_cGCL
082 0 4 _a962.1
_bع ا
245 1 0 _aالاسكندرية
300 _a152 ص
490 _aكتاب
_v0
650 0 4 _aالاسكندرية
650 0 4 _aالاسكندرية - ترع وقنوات
650 0 4 _aالاسكندرية - تاريخ
942 _2ddc
_cBK
999 _c43035
_d43035